Law in the domains of culture (Record no. 511842)

MARC details
000 -LEADER
fixed length control field 00857nam a2200265Ia 4500
003 - CONTROL NUMBER IDENTIFIER
control field OSt
005 - DATE AND TIME OF LATEST TRANSACTION
control field 20220925185707.0
008 - FIXED-LENGTH DATA ELEMENTS--GENERAL INFORMATION
fixed length control field 220923b |||||||| |||| 00| 0 eng d
037 ## - SOURCE OF ACQUISITION
Institution to which field applies 2.50, 05/04/2000, Elite
Terms of availability General Book
040 ## - CATALOGING SOURCE
Original cataloging agency RTL
Transcribing agency RTL
Language of cataloging eng
041 ## - LANGUAGE CODE
Source of code eng
Language code of text/sound track or separate title eng
100 ## - MAIN ENTRY--PERSONAL NAME
Personal name Kearns Thomas R
245 #0 - TITLE STATEMENT
Title Law in the domains of culture
260 ## - PUBLICATION, DISTRIBUTION, ETC.
Place of publication, distribution, etc. Ann Arbor
Name of publisher, distributor, etc. University of Michigan Press
Date of publication, distribution, etc. 1990
300 ## - PHYSICAL DESCRIPTION
Extent 241p
Dimensions cm.
490 ## - SERIES STATEMENT
Series statement Amherst Series in Law, Juris-prudence, and Social Thought
541 ## - IMMEDIATE SOURCE OF ACQUISITION NOTE
Institution to which field applies 2.50, 05/04/2000, Elite
650 ## - SUBJECT ADDED ENTRY--TOPICAL TERM
Topical term or geographic name entry element Civilization and Culture Sociology
9 (RLIN) 235492
700 ## - ADDED ENTRY--PERSONAL NAME
Personal name Sarat Austin Ed
942 ## - ADDED ENTRY ELEMENTS (KOHA)
Classification part Y:1:(Z), N8
Koha item type General Books
Source of classification or shelving scheme Colon Classification (CC)

No items available.

Copyright @ Delhi University Library System